00702cam a2200241 a 4500001000800000005001700008008004100025010001700066020001500083035002000098040002200118041000800140042001400148080001900162082002300181100000700204101000800211245006500219906004500284942001200329999001700341952010200358102301920180109075809.0921218s1990 nyua 000 0 eng d a 88063055  a0312019947 a(OCoLC)21874167 aNcAnAcNcAnAdDLC aeng alccopycat a808..0427 JEA04a808..0427 JEA2201 a46 aEDU10aChanges :cJean Withrow, Gay Brookes, Martha Clark Cummings. a7bcbcccopycatd4eopcnf19gy-gencatlg 2ddccBK c39937d39937 00102ddc4070a002b002d2018-01-09l0o808..0427 JEAp002-2995004r2018-01-09w2018-01-09yBK